Catálogo
 En Linea

La memoria que no cesa / (Registro nro. 37142)

Detalles MARC
000 -CABECERA
campo de control de longitud fija 00686nam a2200193 a 4500
001 - NÚMERO DE CONTROL
campo de control 000037652
005 - FECHA Y HORA DE LA ÚLTIMA TRANSACCIÓN
campo de control 20201002031110.0
008 - DATOS DE LONGITUD FIJA--INFORMACIÓN GENERAL
campo de control de longitud fija 121024s2011 pr ac 000 0 spa d
020 ## - NÚMERO INTERNACIONAL ESTÁNDAR DEL LIBRO
Número Internacional Estándar del Libro 9780983007401
040 ## - FUENTE DE LA CATALOGACIÓN
Centro catalogador/agencia de origen DO-SdBNP
Lengua de catalogación spa
Centro/agencia transcriptor BNPHU
082 ## - NÚMERO DE LA CLASIFICACIÓN DECIMAL DEWEY
Número de clasificación xxx
Número de documento/Ítem xxx
100 1# - ENTRADA PRINCIPAL--NOMBRE DE PERSONA
Nombre de persona Serra Deliz, Wenceslao
9 (RLIN) 64124
245 13 - MENCIÓN DE TÍTULO
Título La memoria que no cesa /
Mención de responsabilidad, etc. Wenceslao Serra Deliz.
260 ## - PUBLICACIÓN, DISTRIBUCIÓN, ETC.
Lugar de publicación, distribución, etc. San Juan, Puerto Rico :
Nombre del editor, distribuidor, etc. Los libros de la Iguana,
Fecha de publicación, distribución, etc. 2011.
300 ## - DESCRIPCIÓN FÍSICA
Extensión 392 p. :
Otras características físicas il., retr. ;
Dimensiones 22 cm.
500 ## - NOTA GENERAL
Nota general Incluye notas al pie de las páginas
500 ## - NOTA GENERAL
Nota general Incluye datos biográficos del autor en la contracubierta
500 ## - NOTA GENERAL
Nota general La biblioteca posee un ejemplar autobiografiado por el autor
Existencias
Estado de retiro Estado de pérdida Restricciones de uso No para préstamo Código de colección Localización permanente Ubicación/localización actual Ubicación en estantería Fecha de adquisición Número de inventario Total de préstamos Signatura topográfica completa Código de barras Fecha visto por última vez Precio válido a partir de Tipo de ítem Koha
      Excluido de préstamo Monografías: Libros y Folletos General General En catalogación 24.10.2012 LF1   xxx xxx 37652-10 25.06.2020 25.06.2020 No se presta

Con tecnología Koha